000 00722cam a22002174a 4500
001 13657515
005 20250310131203.0
008 040716s2006 mauab b 001 0 eng
020 _a0072961589 (student ed. : softcover : alk. paper)
020 _a0072961619 (annotated instructor's ed. : alk. paper)
020 _a9780072961584
050 0 0 _aHM585
_b.S324 2006
082 0 0 _a301
_222
100 1 _aSchaefer, Richard T.
245 1 0 _aSociology :
_ba brief introduction /
_cRichard T. Schaefer.
250 _a6th, annotated instructor's ed.
260 _aBoston, Mass. :
_bMcGraw-Hill,
_c2006.
300 _axxxvi, 507 p.
_bill., maps (chiefly col.) ;
_c28 cm.
650 0 _aSociology.
942 _2lcc
_cBK
_e6th Ed.
_n0
999 _c4651
_d4651